000 00554nam a2200217 a 4500
001 0000582
003 DO-SdBNP
005 20180130123917.0
007 0000582
008 140711s 20uu xx 000 0 spa d
040 _aBPMSU
_bspa
_cBPMSU
100 1 _aDaniel, Samil
245 1 0 _aMi otro yo /
_cSamil Daniel
260 _a[s.l] :
_b[s.n],
_c[200-].
300 _a162 p. ;
_c22 cm.
650 4 _aPOESÍA ÉPICA GRIEGA
650 4 _aLITERATURA GRIEGA
942 _2ddc
_cBK
945 _aInventariado, 2018/MFF
956 _aYLOCKWARD
_b10
_lBND01
_h1027
999 _c11080
_d11080